书目信息 |
| 题名: |
物流社会化运作模式与发展战略
|
|
| 作者: | 欧阳文霞 著 | |
| 分册: | ||
| 出版信息: | 北京 人民交通出版社 2006 |
|
| 页数: | 354页 | |
| 开本: | 21cm | |
| 丛书名: | ||
| 单 册: | ||
| 中图分类: | F259.23 | |
| 科图分类: | ||
| 主题词: | 物流 , 物资经济 , 物流--物资经济--经济发展战略--研究--中国 , 经济发展战略 | |
| 电子资源: | ||
| ISBN: | 7-114-06094-7 | |
| 000 | 00895nam0 2200253 450 | |
| 001 | 003257763 | |
| 005 | 20070803110206.46 | |
| 010 | @a7-114-06094-7@dCNY28.00 | |
| 100 | @a20060104d2006 em y0chiy0110 ea | |
| 101 | 0 | @achi |
| 102 | @aCN@b110000 | |
| 105 | @ay z 000yy | |
| 200 | 1 | @a物流社会化运作模式与发展战略@9wu liu she hui hua yun zuo mo shi yu fa zhan zhan lve@f欧阳文霞著 |
| 210 | @a北京@c人民交通出版社@d2006 | |
| 215 | @a354页@d21cm | |
| 330 | @a本书从物流社会化系统的角度出发,研究了我国物流业发展现状与运作模式。内容包括:物流社会化发展理论依据、物流社会化发展环境分析、我国物流业发展现状分析、发达国家物流业分析等。 | |
| 606 | 0 | @a物流 |
| 606 | 0 | @a物资经济 |
| 606 | 0 | @a物流@x物资经济@x经济发展战略@x研究@y中国 |
| 606 | 0 | @a经济发展战略 |
| 690 | @aF259.23@v4 | |
| 701 | 0 | @a欧阳文霞@9ou yang wen xia@4著 |
| 801 | 0 | @aCN@bNLC@c20070803 |
| 905 | @a10447@dF259.23@e113 | |
| 物流社会化运作模式与发展战略/欧阳文霞著.-北京:人民交通出版社,2006 |
| 354页;21cm |
| ISBN 7-114-06094-7:CNY28.00 |
| 本书从物流社会化系统的角度出发,研究了我国物流业发展现状与运作模式。内容包括:物流社会化发展理论依据、物流社会化发展环境分析、我国物流业发展现状分析、发达国家物流业分析等。 |
| ● |
| 相关链接 |
|
|
|
|
正题名:物流社会化运作模式与发展战略
索取号:F259.23/113
 
预约/预借
| 序号 | 登录号 | 条形码 | 馆藏地/架位号 | 状态 | 备注 |
| 1 | 0801051 | 208010515 | 第一样本阅览室/ [索取号:F259.23/113] | 在馆 | |
| 2 | 0801052 | 208010524 | 密集书库/ [索取号:F259.23/113] | 在馆 | |
| 3 | 0801053 | 208010533 | 密集书库/ [索取号:F259.23/113] | 在馆 | |
| 4 | 0801054 | 208010542 | 密集书库/ [索取号:F259.23/113] | 在馆 | |
| 5 | 0801055 | 208010551 | 第一借阅区/ [索取号:F259.23/113] | 在馆 | |
| 6 | 0801056 | 208010560 | 第一借阅区/ [索取号:F259.23/113] | 在馆 | |
| 7 | 0801057 | 208010579 | 第一借阅区/ [索取号:F259.23/113] | 在馆 | |
| 8 | 0801058 | 208010588 | 密集书库/ [索取号:F259.23/113] | 在馆 | |
| 9 | 0801059 | 208010597 | 密集书库/ [索取号:F259.23/113] | 在馆 | |
| 10 | 0801060 | 208010604 | 第一借阅区/ [索取号:F259.23/113] | 在馆 |